| 000 | 00762nam a22002777a 4500 | ||
|---|---|---|---|
| 999 |
_c200459914 _d78126 |
||
| 003 | TR-AnTOB | ||
| 005 | 20240425085208.0 | ||
| 008 | 240425b ||||| |||| 00| 0 tur d | ||
| 020 | _a9786051880037 | ||
| 040 |
_aTR-AnTOB _beng _cTR-AnTOB _erda |
||
| 041 | _atur | ||
| 092 |
_a808.068 _bCOLS 2022 |
||
| 100 | _0Collet, Géraldine | ||
| 245 | _aPrensesler Ejderhaya Karşı 1 | ||
| 250 | _a1 | ||
| 264 |
_aistanbul: _bBeyaz Balina Yayınları _c2022 |
||
| 300 |
_a32 pages: _billustrations; _c21 cm |
||
| 336 |
_2rdacontent _atext _btxt |
||
| 337 |
_2rdamedia _aunmediated _bn |
||
| 338 |
_2rdacarrier _avolume _bnc |
||
| 490 | _v1 | ||
| 653 | _aprensesler, ejderhalar | ||
| 942 |
_2ddc _cBK |
||